South American Countries - Statistics

General Stats
  • This quiz has been taken 722 times
  • The average score is 10 of 12
Answers on the Map
Answers color-coded by a green-red scale on the quiz's map according to % correct below.
 
Answer Stats
Answer % Correct
Brazil
99%
Argentina
97%
Chile
97%
Colombia
91%
Peru
90%
Bolivia
88%
Uruguay
88%
Venezuela
88%
Paraguay
87%
Ecuador
83%
Suriname
70%
Guyana
68%
No matching quizzes found
Score Distribution
Percent of People with Each Score
Percentile by Number Answered
Your Score History
You have not taken this quiz